The strangest thing happened. (Record no. 5844)

MARC details
000 -LEADER
fixed length control field 00706cam a2200253 4500
001 - CONTROL NUMBER
control field 1763906
003 - CONTROL NUMBER IDENTIFIER
control field GBCCL
005 - DATE AND TIME OF LATEST TRANSACTION
control field 20241126110551.0
008 - FIXED-LENGTH DATA ELEMENTS--GENERAL INFORMATION
fixed length control field 700330t19701969caua j 000 0 eng
010 ## -
-- 76084599
020 ## - INTERNATIONAL STANDARD BOOK NUMBER
International Standard Book Number 0830700056
040 ## - CATALOGING SOURCE
Original cataloging agency DLC
Transcribing agency DLC
Modifying agency DLC
050 00 -
-- BS551.2
-- .B32
082 00 - DEWEY DECIMAL CLASSIFICATION NUMBER
Classification number 222.509505
Item number BAR
100 1# - MAIN ENTRY--PERSONAL NAME
Personal name Barrett, Ethel.
9 (RLIN) 5685
245 14 - TITLE STATEMENT
Title The strangest thing happened.
260 ## - PUBLICATION, DISTRIBUTION, ETC.
Place of publication, distribution, etc. Glendale, Calif.,
Name of publisher, distributor, etc. G/L Regal Books
Date of publication, distribution, etc. [1970, c1969]
300 ## - PHYSICAL DESCRIPTION
Extent 137 p.
Other physical details illus.
Dimensions 20 cm.
350 ## - PRICE (NR) (BK AM CF MU VM SE) [OBSOLETE]
Price 0.69
490 0# - SERIES STATEMENT
Series statement A Regal venture book
650 #0 - SUBJECT ADDED ENTRY--TOPICAL TERM
Topical term or geographic name entry element Bible stories, English
General subdivision Kings.
9 (RLIN) 10583
906 ## - LOCAL DATA ELEMENT F, LDF (RLIN)
a 7
b cbc
c orignew
d u
e ncip
f 19
g y-gencatlg
942 ## - ADDED ENTRY ELEMENTS (KOHA)
Source of classification or shelving scheme Dewey Decimal Classification
Koha item type Books
Koha issues (borrowed), all copies 2
Holdings
Withdrawn status Lost status Source of classification or shelving scheme Damaged status Not for loan Home library Current Library Shelving location Date acquired Total checkouts Total renewals Full call number Barcode Date last seen Date last checked out Copy number Price effective from Koha item type
    Dewey Decimal Classification     GRACE BIBLE COLLEGE GRACE BIBLE COLLEGE Biblical Studies 2018-04-10 3 1 222.509505 BAR 005008 2025-05-01 2024-12-05 c.1 2018-04-10 Books
© Grace Bible College Library 2025